Rada Evropy: křižovatka před summitem v říjnu 1993.
Február 1993 - zasadanie parlamentného zhromaždenia Rady Európy v Štrasburgu. Výbor ministrov zahraničia má do októbrového summitu Rady vypracovať konečnú verziu dodatkového protokolu k Európskej konvencii o ľudských právach, venovanú výlučne právam národnostných menšín. Otázky náboženskej toleranci...
Gespeichert in:
| 1. Verfasser: | |
|---|---|
| Format: | Buchkapitel |
| Sprache: | Tschechisch |
| Schlagworte: | |
| Tags: |
Keine Tags, Fügen Sie das erste Tag hinzu!
|
MARC
| LEADER | 00000naa a2200000 4500 | ||
|---|---|---|---|
| 001 | r013113 | ||
| 005 | 20221213082316.1 | ||
| 041 | 0 | |a cze | |
| 044 | |a CZ | ||
| 245 | 1 | 0 | |a Rada Evropy: křižovatka před summitem v říjnu 1993. |c J. Veselý |
| 520 | |a Február 1993 - zasadanie parlamentného zhromaždenia Rady Európy v Štrasburgu. Výbor ministrov zahraničia má do októbrového summitu Rady vypracovať konečnú verziu dodatkového protokolu k Európskej konvencii o ľudských právach, venovanú výlučne právam národnostných menšín. Otázky náboženskej tolerancie, migrácie obyvateľstva, Rómov v Európe, porušovanie ľudských práv v bývalej Juhoslávii a ochrana ľudských práv v Európe. | ||
| 610 | 2 | 0 | |a Rada Európy |
| 610 | 2 | 0 | |a práva ľudské |
| 610 | 2 | 0 | |a migrácia |
| 610 | 2 | 0 | |a Európa |
| 100 | 1 | |a Veselý, J. | |